Catálogo

Hombre, derecho y poder en las leyes de Platón : (Registro nro. 63040)

Detalles MARC
000 -LEADER
fixed length control field 01165nam a2200313 i 4500
001 - CONTROL NUMBER
control field 63040
003 - CONTROL NUMBER IDENTIFIER
control field Mx-PuUPA
005 - DATE AND TIME OF LATEST TRANSACTION
control field 20260204092918.0
008 - FIXED-LENGTH DATA ELEMENTS--GENERAL INFORMATION
fixed length control field 150625s2013 mx gr 001 0 spa d
020 ## - INTERNATIONAL STANDARD BOOK NUMBER
International Standard Book Number 9786070905285
040 ## - CATALOGING SOURCE
Original cataloging agency Mx-PuUPA
Language of cataloging spa
Transcribing agency Mx-PuUPA
Modifying agency Mx-PuUPA
Description conventions rda
041 0# - LANGUAGE CODE
Language code of text/sound track or separate title spa
100 1# - MAIN ENTRY--PERSONAL NAME
Personal name Mantilla Sahagún, Luis Roberto,
Relator term autor
9 (RLIN) 3029
245 10 - TITLE STATEMENT
Title Hombre, derecho y poder en las leyes de Platón :
Remainder of title una propuesta realista del gobierno y la legislación de la polis /
Statement of responsibility, etc. Luis Roberto Mantilla Sahagún
250 ## - EDITION STATEMENT
Edition statement Primera edición
264 #1 - PRODUCTION, PUBLICATION, DISTRIBUTION, MANUFACTURE, AND COPYRIGHT NOTICE
Place of production, publication, distribution, manufacture México :
Name of producer, publisher, distributor, manufacturer Editorial Porrúa,
Date of production, publication, distribution, manufacture, or copyright notice 2013
300 ## - PHYSICAL DESCRIPTION
Extent xxxvi, 109 páginas ;
Dimensions 21 cm.
336 ## - CONTENT TYPE
Content type term texto
Fuente rdacontent
Content type code txt
337 ## - MEDIA TYPE
Media type term sin mediación
Source rdamedia
Media type code n
338 ## - CARRIER TYPE
Carrier type term volumen
Source rdacarrier
Carrier type code nc
500 ## - GENERAL NOTE
General note Estudio en homenaje a la escuela Libre de Derecho en su primer centenario.-- Cubierta.
500 ## - GENERAL NOTE
General note Ejemplar 89452 firmado por el autor.
650 #4 - SUBJECT ADDED ENTRY--TOPICAL TERM
Topical term or geographic name entry element Derecho - Filosofía
Source of heading or term armarc
650 #4 - SUBJECT ADDED ENTRY--TOPICAL TERM
Topical term or geographic name entry element Ciencias políticas - Filosofía
Source of heading or term armarc
650 #4 - SUBJECT ADDED ENTRY--TOPICAL TERM
Topical term or geographic name entry element Platonismo
Source of heading or term armarc
942 ## - ADDED ENTRY ELEMENTS (KOHA)
Source of classification or shelving scheme Dewey Decimal Classification
Koha item type Libro
Classification part 184
Item part M26
Existencias
Withdrawn status Lost status Source of classification or shelving scheme Damaged status Not for loan Collection code Home library Current library Shelving location Date acquired Source of acquisition Total Checkouts Total Renewals Full call number Barcode Date last seen Date last checked out Copy number Price effective from Koha item type
    Dewey Decimal Classification     General Biblioteca Karol Wojtyla Biblioteca Karol Wojtyla Sala general 25/06/2015 Compra 2 1 184 M26 2013 93546 06/02/2026 27/06/2023 Ej.2 25/11/2016 Libro
    Dewey Decimal Classification     General Biblioteca Karol Wojtyla Biblioteca Karol Wojtyla Sala general 22/06/2017 Donación     184 M26 2013 89452 17/02/2026   Ej.3 22/06/2017 Libro
    Dewey Decimal Classification     General Biblioteca Karol Wojtyla Biblioteca Karol Wojtyla Sala general 27/02/2017 Compra     184 M26 2013 94803 03/02/2026 06/07/2017   27/02/2017 Libro